000 00741nam a2200265Ia 4500
003 OSt
005 20220928112535.0
006 a|||||r|||| 00| 0
007 ta
008 220927b |||||||| |||| 00| 0 eng d
020 _cINR 1600.00
024 _a144980
037 _b114, 12/03/2021, Classic Book Service
_cTextual
040 _aSDCL
_cSDCL
_beng
041 _2eng
_aeng
082 _aD6,8(B289PY), Q3
100 _aLutz Mark
_9428626
245 0 _aLearning python
250 _a5th
260 _aNew Delhi
_bO'Reiley
_c2020
300 _al,1540p.
_ccm.
650 _aBiophysics
942 _hD6,8(B289PY), Q3
_cTEXL
_2CC
999 _c745175
_d745175